Statistics for The Prince Of Egypt-The Plagues (Lyrics)

Click here to take the quiz!

General Stats

  • This quiz has been taken 67 times
  • The average score is 266 of 338

Answer Stats

Lyrics% Correct
A
97%
And
97%
I
97%
The
97%
Go
93%
(My)
93%
My
93%
On
93%
To
93%
Be
90%
In
90%
Let
90%
People
90%
You
90%
Lord
86%
Send
86%
Thus
86%
Who
86%
Your
86%
All
83%
Brother
83%
Call
83%
Ever
83%
House
83%
Into
83%
Is
83%
Of
83%
Plague
83%
So
83%
This
83%
What
83%
Will
83%
Called
79%
Home
79%
Me
79%
Not
79%
Wanted
79%
It
76%
Make
76%
Never
76%
Once
76%
Was
76%
As
72%
Bed
72%
Chance
72%
God
72%
How
72%
Laugh
72%
Saith
72%
Then
72%
Come
69%
Field
69%
Fire
69%
Had
69%
Innocent
69%
Pain
69%
Suffer
69%
That
69%
Thing
69%
Thought
69%
Until
69%
Upon
69%
Why
69%
Could
66%
Every
66%
Free
66%
From
66%
Hate
66%
Have
66%
Inside
66%
Last
66%
Now
66%
Pride
66%
Tortures
66%
Another
62%
Bread
62%
Cattle
62%
Chose
62%
Devastation
62%
Down
62%
His
62%
Locusts
62%
Pestilence
62%
Sheep
62%
Stubbornness
62%
Behalf
59%
Break
59%
Egypt
59%
Foe
59%
Hail
59%
Hardened
59%
Heart
59%
Raining
59%
Serving
59%
Swarm
59%
Sword
59%
Wish
59%
World
59%
Even
55%
Grow
55%
Leaf
55%
Left
55%
Must
55%
Nothing
55%
Sky
55%
There's
55%
Wind
55%
Burning
52%
Cost
52%
Drink
52%
Has
52%
High
52%
Ice
52%
Land
52%
May
52%
Mind
52%
Scourge
52%
Seen
52%
Since
52%
Sleep
52%
Through
52%
Blow
48%
Dreams
48%
Green
48%
Oxen
48%
Refuse
48%
Still
48%
Such
48%
Town
48%
Yield
48%
Horde
45%
Thunder
45%
Streets
41%
Streams
38%
Stalk
34%

Score Distribution

Percentile by Number Answered

Percent of People with Each Score

Your Score History

You have not taken this quiz